North India human development report (Record no. 2988)

MARC details
000 -LEADER
fixed length control field 00461nam a2200157Ia 4500
020 ## - INTERNATIONAL STANDARD BOOK NUMBER
ISBN 019- 566194- X
082 ## - DEWEY DECIMAL CLASSIFICATION NUMBER
Classification number RR 338.900954 NAT-;
245 #0 - TITLE STATEMENT
Title North India human development report
260 ## - PUBLICATION, DISTRIBUTION, ETC. (IMPRINT)
Place of publication New Delhi
Name of publisher Oxford University Press
Year of publication 2003
300 ## - PHYSICAL DESCRIPTION
Number of Pages 347 p.
650 ## - SUBJECT ADDED ENTRY--TOPICAL TERM
Topical Term India - Economic conditions
700 ## - ADDED ENTRY--PERSONAL NAME
Personal name Buragohain, Tarujyoti
700 ## - ADDED ENTRY--PERSONAL NAME
Personal name Shariff, Abusaleh
710 ## - ADDED ENTRY--CORPORATE NAME
Corporate name or jurisdiction name as entry element National Council of Applied Economic Research, New Delhi
942 ## - ADDED ENTRY ELEMENTS (KOHA)
Koha item type Books
Holdings
Withdrawn status Lost status Damaged status Not for loan Home library Current library Date acquired Bill Date Full call number Accession Number Price effective from Koha item type
        NASSDOC Library NASSDOC Library 09/09/2004 2004-10-05 RR 338.900954 NAT-; 38927 18/04/2019 Books